000 00433cam a2200169ua 4500
001 5262
008 120816n ii |||gr||||Z||||||eng
020 _a81-85372-01-2
040 _cMAIN
082 _a921.954
100 _aKushwaha, M. S.,
_eEditor,
245 1 1 _aNew perspectives on indian poetics
_cby M. S. Kushwaha
250 _a1st.
260 _aLucknow:
_bArgo publishing house,
_c1991.
300 _a111p:
_c23cm.
942 _cBK
999 _c4444
_d4444